| 000 | 01380nam a2200349Ia 4500 | ||
|---|---|---|---|
| 001 | ebr10276579 | ||
| 003 | CaPaEBR | ||
| 006 | m u | ||
| 007 | cr cn||||||||| | ||
| 008 | 080930s2009 enk sb 001 0 eng d | ||
| 010 | _z 2008042765 | ||
| 020 | _z9780566085970 | ||
| 040 |
_aCaPaEBR _cCaPaEBR |
||
| 035 | _a(OCoLC)320969651 | ||
| 050 | 1 | 4 |
_aKD1642.C65 _bB87 2009eb |
| 100 | 1 | _aBurnett, Rachel. | |
| 245 | 1 | 0 |
_aOutsourcing IT _h[electronic resource] : _bthe legal aspects : planning, contracting, managing and the law / _cby Rachel Burnett. |
| 250 | _a2nd ed. | ||
| 260 |
_aAldershot, Hants, England ; _aBurlington, VT, USA : _bGower, _c2009. |
||
| 300 | _axii, 239 p. | ||
| 504 | _aIncludes bibliographical references and index. | ||
| 533 |
_aElectronic reproduction. _bPalo Alto, Calif. : _cebrary, _d2009. _nAvailable via World Wide Web. _nAccess may be limited to ebrary affiliated libraries. |
||
| 650 | 0 |
_aComputer contracts _zGreat Britain. |
|
| 650 | 0 |
_aContracting out _zGreat Britain. |
|
| 650 | 0 |
_aInformation technology _zGreat Britain. |
|
| 650 | 0 | _aComputer contracts. | |
| 650 | 0 | _aContracting out. | |
| 650 | 0 | _aInformation technology. | |
| 655 | 7 |
_aElectronic books. _2local |
|
| 710 | 2 | _aebrary, Inc. | |
| 856 | 4 | 0 |
_uhttp://site.ebrary.com/lib/rucke/Doc?id=10276579 _zAn electronic book accessible through the World Wide Web; click to view |
| 999 |
_c5478 _d5478 |
||